Guess the Coin! South America Edition - Statistics

General Stats
  • This quiz has been taken 35 times
  • The average score is 11 of 12
Answer Stats
Picture Answer % Correct
Brazil
100%
Ecuador
100%
Paraguay
100%
Venezuela
100%
Guyana
97%
Argentina
90%
Chile
90%
Colombia
90%
Suriname
90%
Uruguay
90%
Bolivia
87%
Peru
84%
No matching quizzes found
Score Distribution
Percent of People with Each Score
Percentile by Number Answered
Your Score History
You have not taken this quiz